| 000 | 01212nam a2200313Ia 4500 | ||
|---|---|---|---|
| 003 | PE SENCICO BE | ||
| 005 | 20251020182600.0 | ||
| 008 | 200515s9999 xx 000 0 und d | ||
| 020 | _a978-612-45705-4-4 | ||
| 040 |
_aPE SENCICO BE _cPE SENCICO BE |
||
| 041 | _aspa | ||
| 082 |
_a985 _bT18 |
||
| 100 | 1 |
_91383 _aTamayo San Román, Augusto _eautor |
|
| 245 | 1 | 0 |
_aDistrito de San Miguel / _cAugusto Tamayo San Román |
| 250 | _a1a ed. | ||
| 260 |
_aLima : _bArgos productos editoriales, _c2012 |
||
| 300 |
_a181 páginas : _bilustracionea a color, láminas ; _c31 cm. |
||
| 505 | 0 | _aUbicación geográfica -- Historia -- Hitos monumentales e históricos -- La Feria del Pacífico -- La Universidad Católica -- El Parque de las Leyendas -- Zona comercial del distrito -- Servicios municipales -- Alcaldes del distrito. | |
| 650 | 1 | 0 |
_aHistoria _9707 |
| 650 | 2 | 0 |
_aComercio _91490 |
| 650 | 2 | 0 |
_aParques urbanos _91474 |
| 650 | 2 | 0 |
_aMonumentos históricos _9653 |
| 650 | 2 | 0 |
_aRestaurantes _966 |
| 650 | 2 | 0 |
_aCentros comerciales _9880 |
| 650 | 2 | 0 |
_aClínicas _91491 |
| 650 | 2 | 0 |
_aUniversidades y escuelas superiores _91492 |
| 651 | 1 | 0 |
_91489 _aSan Miguel, Lima (Perú : Distrito) |
| 942 |
_cLIB _2ddc |
||
| 999 |
_c3017 _d3017 |
||